Celebrities With More Than 50 Million Instagram Followers - Statistics

General Stats
  • This quiz has been taken 648 times
  • The average score is 9 of 17
Answer Stats
Millions of followers Celebrity % Correct
83.7 Kim Kardashian
83%
77.5 Kylie Jenner
76%
100.3 Selena Gomez
71%
77,9 Cristiano Ronaldo
70%
91,5 Taylor Swift
70%
77.8 Justin Bieber
69%
66.4 Kendall Jenner
67%
56.7 Khloe Kardashian
62%
55.8 Leo Messi
61%
85.4 Beyonce
60%
85.1 Ariana Grande
58%
56.3 Katy Perry
44%
60.0 Neymar Jr
33%
67.1 The Rock
27%
52.8 Miley Cyrus
25%
51.8 Jennifer Lopez
23%
66.6 Nicki Minaj
23%
No matching quizzes found
Score Distribution
Percent of People with Each Score
Percentile by Number Answered
Your Score History
You have not taken this quiz